| 000 | 00841cab a2200241 4500 | ||
|---|---|---|---|
| 001 | ABS54477 | ||
| 008 | 090401t1996 xxu||||| |||| 00| 0 eng d | ||
| 035 | _a(Sirsi) u10652 | ||
| 041 | _aeng | ||
| 100 | _aKaka, A.P. | ||
| 245 | _aTowards more flexible and accurate cash flow forecasting | ||
| 260 | _c1996 | ||
| 350 | _a0 | ||
| 490 |
_aConstruction Management & Economics _v14(1) January 1996, 35-44(10) |
||
| 520 | _aPresents a model to calculate cash flow profiles for individual contracts at tender stage. Uses over fifty variables that enhance the flexibility and reliability of forecasting in the face of elements of risk. | ||
| 650 | _aCASH FLOW FORECASTING | ||
| 650 | _aRISK | ||
| 650 | _aS-CURVES | ||
| 650 | _aTENDERING STRATEGIES | ||
| 690 | _aBUILT ENVIRONMENT-BUILDING COSTS | ||
| 942 | _n0 | ||
| 948 | _c04/03/1997 | ||
| 999 |
_c6752 _d6752 |
||